<?xml version="1.0" encoding="UTF-8"?>
<marc:record xmlns:marc="http://www.loc.gov/MARC21/slim">
   <marc:leader>00000nam a2200000 a 4500</marc:leader>
   <marc:datafield ind1="1" ind2=" " tag="100">
      <marc:subfield code="a">Löwenstein, Felix zu</marc:subfield>
      <marc:subfield code="4">aut</marc:subfield>
      <marc:subfield code="e">Verfasser/-in</marc:subfield>
   </marc:datafield>
   <marc:datafield ind1="0" ind2="0" tag="245">
      <marc:subfield code="a">Es ist genug da. Für alle</marc:subfield>
   </marc:datafield>
   <marc:datafield ind1="0" ind2="0" tag="245">
      <marc:subfield code="b">wenn wir den Hunger bekämpfen, nicht die Natur</marc:subfield>
   </marc:datafield>
   <marc:datafield ind1=" " ind2="1" tag="264">
      <marc:subfield code="b">Knaur</marc:subfield>
      <marc:subfield code="c">2015</marc:subfield>
   </marc:datafield>
   <marc:datafield ind1="1" ind2=" " tag="520">
      <marc:subfield code="a">Schon heute schafft es die Weltgemeinschaft nicht, alle Menschen mit ausreichend Nahrung zu versorgen. Felix zu Löwenstein nennt die Gründe. Vor allem aber fragt er, wie in Zukunft neun Milliarden Menschen ernährt werden können. Seine engagierte Position ist eine klare Absage an die industrielle Landwirtschaft und ihr unhaltbares Wachstumsversprechen, das auf genveränderte Pflanzen, den Einsatz von Pestiziden und die Schaffung von Monokulturen setzt. Seine Alternative: Nahrungsmittelproduktion auf der Grundlage des ökologischen Landbaus.</marc:subfield>
   </marc:datafield>
   <marc:datafield ind1="3" ind2=" " tag="024">
      <marc:subfield code="a">9783426787403</marc:subfield>
   </marc:datafield>
</marc:record>
